搶神大作戰
| 資料類型: | 圖書 | 書目號: | 46863 |
Leader xxxxxxxxxx 001 __ PCLIS00046863 005 __ 20131111133924.0008 010 0_ |a978-986-88833-6-9|b平裝|d新臺幣300元 042 __ |anbic 100 __ |a20131106d2013 m y0chiy50 e 101 0_ |achi 102 __ |atw 105 __ |aab z 000ay 200 1_ |a搶神大作戰|e|f伍兩柒著 205 __ |a初版 210 __ |a臺北市|c讀癮出版|c叩應經銷|d2013[民102] 215 0_ |a334面,[1]摺彩圖|c圖,地圖|d21公分 225 2_ |a讀本(讀癮)|v1 300 __ |a 461 _0 |12001 |a讀本(讀癮)|v1 681 __ |a857.7|b2113A|y102 700 _1 |a伍|b兩柒|4著 702 __ |a|b|4 801 _0 |atw|bNTL|c20131106|gCCR |